<?xml version="1.0" encoding="UTF-8"?>
<record
    xmlns:xsi="http://www.w3.org/2001/XMLSchema-instance"
    xsi:schemaLocation="http://www.loc.gov/MARC21/slim http://www.loc.gov/standards/marcxml/schema/MARC21slim.xsd"
    xmlns="http://www.loc.gov/MARC21/slim">

  <leader>01119nab a2200265 uc4500</leader>
  <controlfield tag="001">711453</controlfield>
  <controlfield tag="005">20240201165157.0</controlfield>
  <controlfield tag="008">011207                             spa  </controlfield>
  <datafield tag="035" ind1=" " ind2=" ">
    <subfield code="a">711453</subfield>
  </datafield>
  <datafield tag="035" ind1=" " ind2=" ">
    <subfield code="a">(OCoLC)819927040</subfield>
  </datafield>
  <datafield tag="040" ind1=" " ind2=" ">
    <subfield code="c">comduadb</subfield>
  </datafield>
  <datafield tag="041" ind1=" " ind2=" ">
    <subfield code="a">spa</subfield>
  </datafield>
  <datafield tag="100" ind1="1" ind2="0">
    <subfield code="a">Guzman, Claudia E.</subfield>
    <subfield code="4">aut</subfield>
    <subfield code="e">aut</subfield>
    <subfield code="9">348666</subfield>
  </datafield>
  <datafield tag="245" ind1="1" ind2="0">
    <subfield code="a">Diferenciaci&#xF3;n de Entamoeba histolytica y Entamoeba dispar en muestras de materia fecal por detecci&#xF3;n de adhesina de E. histolytica mediante ELISA</subfield>
  </datafield>
  <datafield tag="650" ind1=" " ind2=" ">
    <subfield code="a">Entamoeba dispar</subfield>
    <subfield code="9">87657</subfield>
  </datafield>
  <datafield tag="650" ind1=" " ind2=" ">
    <subfield code="a">Entamoeba histolytica</subfield>
    <subfield code="9">89515</subfield>
  </datafield>
  <datafield tag="650" ind1=" " ind2=" ">
    <subfield code="a">ELISA (Ensayo inmunoabsorbente unido a enzimas)</subfield>
    <subfield code="9">113794</subfield>
  </datafield>
  <datafield tag="700" ind1="1" ind2="0">
    <subfield code="a">L&#xF3;pez P&#xE1;ez, Myriam Consuelo</subfield>
    <subfield code="4">aut</subfield>
    <subfield code="e">aut</subfield>
    <subfield code="9">424507</subfield>
  </datafield>
  <datafield tag="700" ind1="1" ind2="0">
    <subfield code="a">Reyes Rivero, Patricia</subfield>
    <subfield code="4">aut</subfield>
    <subfield code="e">aut</subfield>
    <subfield code="9">341179</subfield>
  </datafield>
  <datafield tag="700" ind1="1" ind2="0">
    <subfield code="a">Corredor, Augusto</subfield>
    <subfield code="4">aut</subfield>
    <subfield code="e">aut</subfield>
    <subfield code="9">302974</subfield>
  </datafield>
  <datafield tag="700" ind1="1" ind2="0">
    <subfield code="a">Agudelo Calder&#xF3;n, Carlos Alberto,</subfield>
    <subfield code="d">1947-</subfield>
    <subfield code="4">aut</subfield>
    <subfield code="e">aut</subfield>
    <subfield code="9">260443</subfield>
  </datafield>
  <datafield tag="700" ind1="1" ind2="0">
    <subfield code="a">G&#xF3;mez Mar&#xED;n, Jorge Enrique</subfield>
    <subfield code="4">aut</subfield>
    <subfield code="0">(isni)0000 0003 7135 6306</subfield>
    <subfield code="0">(viaf)250921630</subfield>
    <subfield code="e">aut</subfield>
    <subfield code="9">328869</subfield>
  </datafield>
  <datafield tag="773" ind1="0" ind2=" ">
    <subfield code="t">Biom&#xE9;dica (Bogot&#xE1;)</subfield>
    <subfield code="g">Vol. 21, No. 02, Jun. 2001, 167-171</subfield>
    <subfield code="w">317894</subfield>
    <subfield code="x">0120-4157</subfield>
    <subfield code="0">101744</subfield>
  </datafield>
  <datafield tag="942" ind1=" " ind2=" ">
    <subfield code="c">ARIMP</subfield>
  </datafield>
  <datafield tag="999" ind1=" " ind2=" ">
    <subfield code="c">224887</subfield>
    <subfield code="d">224887</subfield>
  </datafield>
</record>
